Haiti... o Repubblica Dominicana? - Statistics

Statistiche generali
  • Questo quiz è stato fatto 1.683 volte
  • Il punteggio medio è 11 su 15
Statistiche sulle risposte
Domanda Risposta % Corretto
La sua capitale è Santo Domingo Repubblica Dominicana
96%
Un terremoto uccise più di 100.000 persone nel 2010 Haiti
87%
Ha la superficie più estesa Repubblica Dominicana
85%
Fu una colonia francese Haiti
83%
Ha un PIL pro capite più elevato Repubblica Dominicana
83%
E' conosciuta per i suoi sigari Repubblica Dominicana
82%
E' conosciuta per il Voodoo (o Vodou) Haiti
80%
E' più a est Repubblica Dominicana
79%
Ha due lingue ufficiali Haiti
76%
Il 95% della popolazione è nera Haiti
70%
Sede del primo insediamento europeo permanente nelle Americhe Repubblica Dominicana
69%
Lo stilista Oscar de la Renta nacque qui. Repubblica Dominicana
68%
Il baseball è lo sport più popolare Repubblica Dominicana
64%
Fu guidata dai dittatori "Papa Doc" e "Baby Doc" Haiti
60%
Divenne uno stato indipendente per primo Haiti
57%
Nessun quiz corrispondente trovato
Distribuzione punteggi
Percentuale di utenti per punteggio
Percentile per numero di risposta
I tuoi punteggi nel tempo
Non hai fatto questo quiz